[Event "Kirchberg op 7th"]
[Site "Kirchberg"]
[Date "2019.09.01"]
[Round "7"]
[White "Laffer, Michael"]
[Black "Ploss, Johannes"]
[Result "1/2-1/2"]
[WhiteElo "1325"]
[BlackElo "1865"]
[PlyCount "101"]
[EventDate "2019.08.26"]
[EventType "swiss"]
[EventRounds "7"]
[EventCountry "AUT"]
[SourceTitle "EXT 2020"]
[Source "ChessBase"]
[SourceDate "2019.10.17"]
[SourceVersion "1"]
[SourceVersionDate "2019.10.17"]
[SourceQuality "1"]

1. e4 d6 2. d4 g6 3. c4 Bg7 4. Be3 c5 5. Nc3 cxd4 6. Bxd4 Nf6 7. f3 Nc6 8. Be3 0-0 9. Qd2 Re8 10. 0-0-0 Be6 11. Bh6 Bh8 12. g4 Nd7 13. h4 Qa5 14. h5 Nce5 15. hxg6 fxg6 16. Qh2 Nxc4 17. Bxc4 Bxc4 18. Bd2 Nf8 19. Kc2 Rac8 20. a3 b5 21. Bh6 Bg7 22. Bxg7 Kxg7 23. Nh3 b4 24. axb4 Qxb4 25. Qd2 Bb3+ 26. Kb1 Bxd1 27. Rxd1 Rxc3 28. Qxc3+ Qxc3 29. bxc3 a6 30. Kc2 g5 31. Ra1 Ra8 32. Kd3 Nd7 33. Kd4 a5 34. Kd5 Kf6 35. Ra2 a4 36. Ng1 Ra5+ 37. Kd4 Nc5 38. Ne2 Rb5 39. Ng3 Rb1 40. Nf5 Rd1+ 41. Kc4 Rd3 42. Rxa4 Rxf3 43. Ra7 Nxe4 44. Nh6 Rf4 45. Ng8+ Kf7 46. Nxe7 Rxg4 47. Nd5+ Kg6 48. Kd3 Nc5+ 49. Ke3 Rh4 50. Ra8 Rh3+ 51. Kd2 1/2-1/2